00428nam a22001457a 450000500170000001000150001702000260003203500130005803700130007110000160008424500860010026000330018627000430021930000200026220141007115502.0 aENG-110964 a9788184302783c300.00 aEN-94496 bDBAD/PUB aRajan, Y.S. aMission 21st century :cby Y.S. Rajanb(living with nature in the modern world) / aNew DelhibOcean Booksc2014 a4/19, Asaf Ali RoadbNew Delhie110002 a215p.c20cm(Hb)